Phong thủy cổ đại Trung Quốc Tập 1 Lý luận và thực tiễn

Quyển sách này cung cấp những kiến giải nghiên cứu về phong thủy của Trung Quốc và những tinh hoa thời cổ đại trong lĩnh vực này. Những nội dung có thể được tìm thấy trong sách bao gồm: giới thiệu về thuật phong thủy, nguồn gốc của phong...

Täydet tiedot

Tallennettuna:
Bibliografiset tiedot
Päätekijä: Vu Hy Hiền
Muut tekijät: Vu Dũng, Chu Trọng Thu (Hiệu đính)
Aineistotyyppi: Kirja
Kieli:Vietnamese
Julkaistu: Tp. Hồ Chí Minh Tổng hợp Tp. Hồ Chí Minh 2009
Aiheet:
Tagit: Lisää tagi
Ei tageja, Lisää ensimmäinen tagi!
Thư viện lưu trữ: Thư viện Trường Đại học Nam Cần Thơ
LEADER 01388nam a22002177a 4500
001 NCT_69106
008 190912b xxu||||| |||| 00| 0 vie d
999 |c 3347  |d 3347 
020 |c 150000 
082 0 4 |2 23rd ed.  |a 133  |b H305 
100 1 |a Vu Hy Hiền 
245 1 0 |a Phong thủy cổ đại Trung Quốc  |n Tập 1  |p Lý luận và thực tiễn  |c Vu Hy Hiền, Vu Dũng ; Chu Trọng Thu (hiệu đính) 
260 |a Tp. Hồ Chí Minh  |b Tổng hợp Tp. Hồ Chí Minh  |c 2009 
300 |a 336 tr.  |b minh họa, biểu bảng  |c 23cm 
520 3 |a Quyển sách này cung cấp những kiến giải nghiên cứu về phong thủy của Trung Quốc và những tinh hoa thời cổ đại trong lĩnh vực này. Những nội dung có thể được tìm thấy trong sách bao gồm: giới thiệu về thuật phong thủy, nguồn gốc của phong thủy cổ đại Trung Quốc, nền tảng lý luận của văn hóa kiến trúc phong thủy. 
653 |a Sách tham khảo 
700 1 |a Vu Dũng 
700 1 |a Chu Trọng Thu  |e Hiệu đính 
942 |2 ddc  |c BK 
952 |0 0  |1 0  |2 ddc  |4 0  |6 133_000000000000000_H305  |7 0  |9 17826  |a 000001  |b 000001  |d 2019-09-12  |o 133 H305  |p TK.00906  |r 2019-09-12  |v 150000.00  |w 2019-09-12  |y BK 
980 |a Thư viện Trường Đại học Nam Cần Thơ